| 000 | 00669nam a2200193 i 4500 | ||
|---|---|---|---|
| 001 | 64241 | ||
| 003 | ES-MaACL | ||
| 005 | 20230906165059.0 | ||
| 007 | t| | ||
| 008 | 031223s1977 sp ||||1| spa d | ||
| 100 | 1 |
_aFlórez, Jesús. _951304 |
|
| 245 | 1 | 0 |
_aCurso práctico de farmacología fundamental para estudiantes de medicina / _cpreparado por J. Flórez, J.A. Armijo, A. Mediavilla. |
| 260 |
_aSantander : _b[s.n.], _c1977. |
||
| 300 |
_a37 p. (pag. var.) ; _c30 cm. |
||
| 650 | 4 |
_aFarmacología- _vManuales de laboratorio. _9164631 |
|
| 700 | 1 |
_aArmijo, Juan Antonio. _922978 |
|
| 700 | 1 |
_aMediavilla, Africa. _979675 |
|
| 852 |
_aES-MaACL _j2106-F-19 _bR.96936 |
||
| 999 |
_c64241 _d64241 |
||